Normal view MARC view
  • Martin, Barclay,

Entry Nombre Personal

Number of records used in: 2

001 - NUMERO DE CONTROL

  • campo de control: 47088

003 - IDENTIFICADOR DE NUMERO DE CONTROL

  • campo de control: DLC

005 - FECHA Y HORA DE LA ÜLTIMA TRANSACCIÓN

  • campo de control: 20221013155534.0

008 - DATOS DE LONGITUD FIJA

  • campo de control de longitud fija: 801002n| azannaabn |n aaa

010 ## - NÚMERO DE CONTROL DE LA BIBLIOTECA DEL CONGRESO

  • Número de control LC: n 80115617

035 ## - NUMERO DE CONTROL

  • Número de control: (OCoLC)oca00496280

040 ## - FUENTE DE CATALOGACIÓN

  • Agencia original de catalogación: DLC
  • Lenguaje de catalogación: spa
  • Description conventions: rda
  • Agencia de transcripción: DLC
  • Agencia que lo modifica: NcU
  • Agencia que lo modifica: MX-MxUPN

046 ## - FECHAS CON CODIFICACIÓN ESPECIAL

  • Fecha de nacimiento: 1923
  • Fecha de muerte: 2018-02-02

100 1# - ENCABEZAMIENTO - NOMBRE PERSONAL

  • Nombre personal: Martin, Barclay,
  • Fechas asociadas con el nombre: 1923-2018

370 ## - LUGAR ASOCIADO

  • Associated country: Estados Unidos
  • Fuente del término: naf

372 ## - CAMPO DE ACTIVIDAD

  • Field of activity: Psicología
  • Fuente del término: lcsh

373 ## - GRUPO ASOCIADO

  • Associated group: University of North Carolina at Chapel Hill
  • Fuente del término: naf

377 ## - LENGUA ASOCIADA

  • Language code: eng

400 1# - VEÁSE - NOMBRE DE PERSONA

  • Personal name: Martin, B.,
  • Dates associated with a name: 1923-2018

670 ## - FUENTE EN LA QUE SE LOCALIZARON DATOS

  • Cita de la fuente: Carolina alumni review, July/Aug. 2018:
  • Información localizada: página 72 (Barclay Martin; died Feb. 2, 2018; fue profesor en el departamento de psicologóa y neurociencia en la University of North Carolina at Chapel Hill)

670 ## - FUENTE EN LA QUE SE LOCALIZARON DATOS

  • Cita de la fuente: Psicología anormal: enfoques científicos y clínicos, 1985:
  • Información localizada: portada (Martin Barclay) cubierta (B. Martin)

902 ## - CATALOGADOR

  • Catalogador: Víctor Ruiz/131022